| 000 | 00505nam a22001937a 4500 | ||
|---|---|---|---|
| 003 | CEME | ||
| 005 | 20210628202304.0 | ||
| 008 | 210308b xxu||||| |||| 00| 0 eng d | ||
| 020 | _a0-201-09528-9 | ||
| 040 | _c. | ||
| 082 | _a629.892 CRA'I | ||
| 100 |
_aCraig, John J _959165 |
||
| 245 | _aIntroducion to robotics mechanics and control | ||
| 250 | _a2ND | ||
| 260 |
_aADDISON WESLEY _bADDISON WESLEY _c1989 |
||
| 300 | _a450P | ||
| 650 |
_aROBOTICS MECHANICS AND CONTROL _959166 |
||
| 942 |
_cBK _2ddc |
||
| 999 |
_c569208 _d569208 |
||